| 000 | 00441nam a2200157 a 4500 | ||
|---|---|---|---|
| 001 | 000030656 | ||
| 005 | 20200930062431.0 | ||
| 008 | 110525s1963 dr 000 p spa d | ||
| 040 |
_aDO-SdBNP _bspa _cBNPHU |
||
| 082 |
_axxx _bV718t |
||
| 100 | 1 |
_aVillanueva, Pedro Pablo _957244 |
|
| 245 | 1 | 0 |
_aToque de Diana / _cPedro Pablo Villanueva. |
| 260 |
_aSanto Domingo : _bEditora del Caribe, _c1963. |
||
| 300 |
_a15 p. ; _c22 cm. |
||
| 049 | _aBNPD | ||
| 999 |
_c30148 _d30148 |
||